00578 2200181 4500001002100000005001500021035002000036008004100056245013900097100002400236260002600260300002700286084001800313082000800331650001900339020001800358990002000376INLIS00000000000794720260430025332 a0010-0426000135260430 0 ind 1 aDeveloping Executive Talent :bMetode Efektif Untuk Mengidentifikasi dan Mengembangkan Pemimpin dalam Perusahaan /cJonathan Smilansky aSmilansky, Jonathan aJakarta :bPPM,c2008 a340 hlm. ;c24 x 16 cm a658 SMI D C.1 a658 4aManajemen Umum a979-442-239-8 a260311200011287